Normal view MARC view
  • Ingram, Barbara Kilroy

Entry Personal Name

Number of records used in: 1

001 - CONTROL NUMBER

  • control field: 106663

003 - CONTROL NUMBER IDENTIFIER

  • control field: NUST

005 - DATE AND TIME OF LATEST TRANSACTION

  • control field: 20230102175946.0

008 - FIXED-LENGTH DATA ELEMENTS

  • fixed length control field: 230102|| aca||aabn | a|a d

040 ## - CATALOGING SOURCE

  • Original cataloging agency: NUST
  • Transcribing agency: NUST

100 ## - HEADING--PERSONAL NAME

  • Personal name: Ingram, Barbara Kilroy

670 ## - SOURCE DATA FOUND

  • Source citation: Work cat.: (NUST)185875: Ingram, Barbara Kilroy,, The workshop approach to classroom interest centers :, [1975]
© 2023 Central Library, National University of Sciences and Technology. All Rights Reserved.